000 00867nam a2200205Ia 4500
008 151119s9999||||xx |||||||||||||| ||und||
082 _a294.535लोटली/यात्राअ
082 _bGKKV33902
100 _aलोटलीकर रसिका
245 _aयात्रा अष्टविनायकाची भ्रमंती परिसराची
260 _aवसई
260 _bहर्ष प्रकाशन
260 _c2003
300 _a99p.
600 _aलोटलीकर रसिका
630 _aयात्रा अष्टविनायकाची भ्रमंती परिसराची
700 _aलोटलीकर रसिका
730 _aयात्रा अष्टविनायकाची भ्रमंती परिसराची
942 _cBOOK
999 _c1086195
_d1086192